[Event "?"]
[Site "?"]
[Date "2014.08.03"]
[Round "4.14"]
[White "Kolbasnikov, Igor"]
[Black "Ipekyilmaz, Tayfun"]
[Result "0-1"]
[WhiteElo "1393"]
[BlackElo "1603"]
[PlyCount "24"]
[EventDate "2015.??.??"]
[WhiteTeam "SF Köln-Longerich 195"]
[BlackTeam "Langenfelder SF 1933"]

1. e4 e5 2. Nf3 Nc6 3. d4 exd4 4. Bc4 Bb4+ 5. c3 dxc3 6. bxc3 Ba5 7. Qb3 Qe7 8.
O-O Nf6 9. Ba3 d6 10. e5 Nxe5 11. Qb5+ c6 12. Bxf7+ Qxf7 0-1

[Event "?"]
[Site "?"]
[Date "2014.08.03"]
[Round "4.15"]
[White "Sewald, Jörg"]
[Black "Hoferichter, Michael"]
[Result "1-0"]
[WhiteElo "1584"]
[BlackElo "1271"]
[PlyCount "51"]
[EventDate "2015.??.??"]
[WhiteTeam "SF Esch e.V."]
[BlackTeam "Klub Kölner SF e.V. 1"]

1. g3 Nf6 2. b3 d5 3. d3 c6 4. Bb2 Nbd7 5. e3 e5 6. Bg2 Bd6 7. a3 O-O 8. Nd2
Re8 9. Ne2 e4 10. h3 Qc7 11. g4 Re6 12. Nd4 Re7 13. Nf5 Re6 14. Nd4 Re7 15. Nf5
Re6 16. Nxd6 Qxd6 17. g5 Ne8 18. h4 exd3 19. cxd3 Ne5 20. Nf3 Nxf3+ 21. Qxf3 g6
22. Kd2 b5 23. h5 Bb7 24. hxg6 fxg6 25. Rxh7 Ng7 26. Rxg7+ 1-0

[Event "?"]
[Site "?"]
[Date "2014.08.03"]
[Round "4.16"]
[White "Vjazner, Lilian"]
[Black "Kronseder, Michael"]
[Result "1/2-1/2"]
[WhiteElo "1363"]
[BlackElo "1581"]
[PlyCount "117"]
[EventDate "2015.??.??"]
[WhiteTeam "Klub Kölner SF e.V. 1"]
[BlackTeam "SV 1925 Hürth-Berrenra"]

1. e4 c5 2. Nf3 g6 3. d3 Bg7 4. g3 Nc6 5. Bg2 e6 6. Bf4 Bxb2 7. Nbd2 Bxa1 8.
Qxa1 Qf6 9. Qxf6 Nxf6 10. Bd6 b6 11. e5 Ng8 12. Ne4 Nge7 13. Nf6+ Kf8 14. Ng5
h6 15. Nge4 Kg7 16. Kd2 Nf5 17. f4 Nxd6 18. Nxd6 Rd8 19. c3 Rb8 20. Ke3 Na5 21.
d4 Bb7 22. d5 exd5 23. Nxd5 Bxd5 24. Bxd5 Rf8 25. Rd1 Nc6 26. Ne4 Ne7 27. Bc4
b5 28. Rxd7 Nf5+ 29. Kf3 bxc4 30. Nxc5 h5 31. Ne6+ Kg8 32. Nxf8 Kxf8 33. h3 a6
34. Rc7 Ne7 35. Ke4 Rc8 36. Rxc8+ Nxc8 37. Kd4 Ke7 38. Kd5 f6 39. exf6+ Kxf6
40. Kxc4 Nd6+ 41. Kd5 Nf5 42. g4 hxg4 43. hxg4 Ne3+ 44. Kd6 Nxg4 45. c4 Ne3 46.
c5 Nf5+ 47. Kc7 Ne7 48. Kb6 Kf5 49. Kxa6 Kxf4 50. Kb7 g5 51. a4 g4 52. a5 g3
53. a6 g2 54. a7 g1=Q 55. a8=Q Qg2+ 56. c6 Qxc6+ 57. Ka7 Nc8+ 58. Kb8 Qd7 59.
Qb7 1/2-1/2

[Event "?"]
[Site "?"]
[Date "2014.08.03"]
[Round "4.17"]
[White "Gail, Edgar"]
[Black "Lin, David"]
[Result "1-0"]
[WhiteElo "1538"]
[BlackElo "1146"]
[PlyCount "77"]
[EventDate "2015.??.??"]
[WhiteTeam "Klub Kölner SF e.V. 1"]
[BlackTeam "Klub Kölner SF e.V. 1"]

1. e4 c5 2. Nf3 d6 3. d4 cxd4 4. Nxd4 Nf6 5. Nc3 g6 6. Be3 Bg7 7. f3 Nc6 8. Qd2
O-O 9. O-O-O Nxd4 10. Bxd4 a6 11. Nd5 Nxd5 12. Bxg7 Kxg7 13. exd5 b5 14. g4 Bb7
15. g5 Rc8 16. h4 f6 17. h5 Qc7 18. hxg6 hxg6 19. gxf6+ Rxf6 20. Qh6+ Kf7 21.
Qh7+ Ke8 22. Qg8+ Rf8 23. Qxg6+ Kd8 24. Rh7 Qc5 25. Bh3 Rb8 26. Qe4 Re8 27. Bf5
Qc7 28. Re1 Bxd5 29. Qxd5 Qc5 30. Qe6 Kc7 31. Bg6 Red8 32. Qxe7+ Kb6 33. a3 Qc8
34. b4 Rb7 35. Qe3+ Kc6 36. Qc3+ Kb6 37. Qd4+ Kc6 38. Be4+ d5 39. Qc5# 1-0

[Event "?"]
[Site "?"]
[Date "2014.08.03"]
[Round "4.18"]
[White "Wilde, Christian"]
[Black "Schröter, Ron"]
[Result "0-1"]
[WhiteElo "1248"]
[BlackElo "1401"]
[PlyCount "102"]
[EventDate "2015.??.??"]
[WhiteTeam "SF Köln-Longerich 195"]
[BlackTeam "SG Porz e.V."]

1. c4 e5 2. Nc3 c6 3. e4 Bb4 4. Nge2 Ne7 5. g3 d5 6. cxd5 Bxc3 7. Nxc3 cxd5 8.
exd5 Nxd5 9. Bg2 Nxc3 10. bxc3 O-O 11. O-O Nc6 12. Bb2 Na5 13. d4 Nc4 14. Qb3
Nd2 15. Qb5 Nxf1 16. Rxf1 exd4 17. cxd4 Be6 18. d5 Bd7 19. Qd3 Qb6 20. Qc3 f6
21. Re1 Rac8 22. Qd2 Rfd8 23. Bd4 Qc7 24. Bxa7 Qc3 25. Qxc3 Rxc3 26. h3 Re8 27.
Rxe8+ Bxe8 28. Bd4 Rd3 29. Bc5 Kf7 30. Be4 Rd1+ 31. Kh2 Bd7 32. Bf3 Rd2 33. a3
Rc2 34. Bb6 Rc3 35. Bg2 Rxa3 36. Bc5 Rc3 37. Bb6 Rb3 38. Bd4 b5 39. Bc5 Rc3 40.
Bb4 Rc2 41. Kg1 Rb2 42. Bc5 b4 43. Kf1 b3 44. Bd4 Bb5+ 45. Ke1 Re2+ 46. Kd1 b2
47. Be4 Rxe4 48. Bxb2 Bc4 49. f3 Re3 50. d6 Rd3+ 51. Ke2 Rb3+ 0-1

[Event "?"]
[Site "?"]
[Date "2014.08.03"]
[Round "4.19"]
[White "Righi, Sofian"]
[Black "van der Valk, Reiner"]
[Result "1-0"]
[WhiteElo "1200"]
[BlackElo "1400"]
[PlyCount "103"]
[EventDate "2015.??.??"]
[WhiteTeam "Düsseldorfer SK 14/25 e."]
[BlackTeam "SG Nettetal 1929"]

1. d4 d5 2. c4 e6 3. Nc3 Nf6 4. Bg5 Be7 5. cxd5 exd5 6. e3 Bf5 7. Bd3 Bxd3 8.
Qxd3 c6 9. Nge2 Nbd7 10. h3 h6 11. Bxf6 Nxf6 12. g4 Qc7 13. f4 O-O-O 14. g5
hxg5 15. fxg5 Nd7 16. O-O-O Bxg5 17. Rdg1 Bf6 18. e4 dxe4 19. Nxe4 g6 20. Rf1
Bg7 21. Rxf7 Bh6+ 22. Kb1 Kb8 23. Qc3 Rdf8 24. Rhf1 Qh2 25. Rxf8+ Rxf8 26.
Rxf8+ Bxf8 27. Qg3+ Qxg3 28. N4xg3 Bg7 29. Kc2 Kc7 30. Kd3 Kd6 31. Ne4+ Ke6 32.
N2g3 Kd5 33. Ne2 c5 34. Nf4+ Kc6 35. Ne6 Bh8 36. N6xc5 Nxc5+ 37. Nxc5 Bg7 38.
Ke4 b6 39. Ne6 Bf6 40. b3 Kd6 41. d5 g5 42. Kf5 Be7 43. Nxg5 Kxd5 44. h4 Bf8
45. Ne6 Bh6 46. Kg6 Bd2 47. Ng5 Kd6 48. h5 Ke7 49. h6 Kf8 50. h7 Bc3 51. Ne6+
Ke7 52. Ng7 1-0

[Event "?"]
[Site "?"]
[Date "2014.08.03"]
[Round "4.20"]
[White "Pislaru, Marius"]
[Black "Jakob, Gudrun"]
[Result "1-0"]
[WhiteElo "1397"]
[BlackElo "1050"]
[PlyCount "45"]
[EventDate "2015.??.??"]
[WhiteTeam "SG Porz e.V."]
[BlackTeam "Klub Kölner SF e.V. 1"]

1. Nf3 d5 2. d3 Nc6 3. Nbd2 e5 4. e4 d4 5. g3 Nf6 6. Bg2 Be7 7. O-O Bg4 8. Nc4
b5 9. Ncd2 O-O 10. h3 Bd7 11. Re1 a5 12. Nf1 Bd6 13. g4 Ne7 14. Ng3 c5 15. g5
Ne8 16. Nh4 f6 17. Qh5 Rc8 18. g6 h6 19. Nhf5 Bxf5 20. Nxf5 Nc7 21. Nxg7 f5 22.
Qxh6 f4 23. Qh7# 1-0

[Event "?"]
[Site "?"]
[Date "2014.08.03"]
[Round "4.21"]
[White "Mennicken, Leonardo"]
[Black "Rey, Thorsten"]
[Result "0-1"]
[WhiteElo "1080"]
[BlackElo "1359"]
[PlyCount "61"]
[EventDate "2015.??.??"]
[WhiteTeam "Klub Kölner SF e.V. 1"]
[BlackTeam "Klub Kölner SF e.V. 1"]

1. d4 d5 2. c4 c6 3. Nf3 Nf6 4. Nc3 Bf5 5. Bg5 Nbd7 6. e3 Qc7 7. Bd3 Bxd3 8.
Qxd3 e6 9. O-O h6 10. Bf4 Bd6 11. Bxd6 Qxd6 12. e4 dxc4 13. Qxc4 Nb6 14. Qd3
Qc7 15. e5 Nfd5 16. Rae1 Qe7 17. Ne4 O-O 18. Nfd2 Rfd8 19. Nb3 Nb4 20. Qd2 Nxa2
21. Re2 Nd5 22. Nd6 Nab4 23. Rc1 b6 24. Rce1 Qg5 25. Qxg5 hxg5 26. Re4 Nd3 27.
R1e2 f5 28. exf6 Rxd6 29. fxg7 Kxg7 30. Rg4 Kg6 31. f3 {Notation nicht
nachvollziehbar} 0-1

[Event "?"]
[Site "?"]
[Date "2014.08.03"]
[Round "4.22"]
[White "Mag, Martina"]
[Black "Klein, Markus"]
[Result "0-1"]
[WhiteElo "900"]
[BlackElo "1337"]
[PlyCount "138"]
[EventDate "2015.??.??"]
[WhiteTeam "Ford SF Köln e.V."]
[BlackTeam "Ford SF Köln e.V."]

1. e4 e5 2. Nf3 d6 3. Bc4 Be7 4. Nc3 Nd7 5. d3 Nb6 6. Bb3 c6 7. Be3 Bf6 8. Qd2
a5 9. Ng5 Bxg5 10. Bxg5 Nf6 11. a4 Nbd7 12. O-O O-O 13. Qe3 Qc7 14. Qg3 Nh5 15.
Qg4 Nhf6 16. Qg3 Nh5 17. Qg4 g6 18. Bh6 Ng7 19. Qf3 Nc5 20. Bc4 Be6 21. Qf6 Nh5
22. Qg5 Qd8 23. Qe3 Re8 24. b3 Bxc4 25. bxc4 Ne6 26. Rab1 Rb8 27. Rb2 Qd7 28.
Ne2 c5 29. Qf3 Qe7 30. Ng3 Nxg3 31. Qxg3 Nd4 32. Re1 Qe6 33. Re3 f5 34. f4 Red8
35. Rb6 Nxc2 36. exf5 Qxf5 37. Re4 Qh5 38. Rb1 Qxh6 39. f5 Rf8 40. Rf1 Qg7 41.
fxg6 Rxf1+ 42. Kxf1 Rf8+ 43. Kg1 hxg6 44. h3 Nd4 45. Qg4 Rf4 46. Qc8+ Kh7 47.
Rxf4 Ne2+ 48. Kh2 Nxf4 49. Qg4 Nh5 50. Qh4 Qf6 51. Qe4 Qf4+ 52. Qxf4 Nxf4 53.
Kg3 Nxd3 54. Kg4 Kg7 55. Kh4 Nb2 56. g4 Nxc4 57. Kg5 Nb2 58. h4 c4 59. h5 gxh5
60. gxh5 c3 61. h6+ Kh7 62. Kf6 c2 63. Kf7 c1=Q 64. Ke6 Qxh6+ 65. Kd7 d5 66.
Ke7 Nxa4 67. Kd7 Nc5+ 68. Kc7 Qc6+ 69. Kd8 Qd7# 0-1

[Event "?"]
[Site "?"]
[Date "2014.08.03"]
[Round "4.23"]
[White "Scheffler, Jürgen"]
[Black "Jehnen, Timo"]
[Result "1-0"]
[WhiteElo "1306"]
[BlackElo "919"]
[PlyCount "67"]
[EventDate "2015.??.??"]
[WhiteTeam "SC 1948 Prüm"]
[BlackTeam "SV Fideler Bauer Lever"]

1. d4 d5 2. c4 e6 3. Nc3 Nf6 4. Nf3 b6 5. Bg5 h6 6. Bh4 Be7 7. Bg3 O-O 8. h3 c5
9. cxd5 exd5 10. e3 Re8 11. Be2 Ne4 12. Bh2 cxd4 13. exd4 Nxc3 14. bxc3 Bf6 15.
O-O Nc6 16. Bd3 Be7 17. Re1 Rf8 18. Bc2 Bd6 19. Qd3 g6 20. Ne5 Qf6 21. f4 Bf5
22. Qd2 Bxc2 23. Qxc2 Nxe5 24. fxe5 Bxe5 25. dxe5 Qe6 26. Rf1 Kg7 27. Rae1 b5
28. Rf6 Qe7 29. Qd2 Rad8 30. Bf4 Kh7 31. Bxh6 Rg8 32. Bg5 Qb7 33. Qf2 Rd7 34.
Qh4+ 1-0

[Event "?"]
[Site "?"]
[Date "2014.08.03"]
[Round "4.24"]
[White "Köllner, Ruben Gideon"]
[Black "Baltic, Sara"]
[Result "1-0"]
[WhiteElo "1297"]
[BlackElo "902"]
[PlyCount "35"]
[EventDate "2015.??.??"]
[WhiteTeam "SV Bergneustadt/Dersch"]
[BlackTeam "SG Porz e.V."]

1. d4 f5 2. Nf3 e6 3. e3 g6 4. c4 Bg7 5. Nc3 b6 6. Bd3 Bb7 7. O-O c5 8. Re1 Qc7
9. d5 Bxc3 10. bxc3 exd5 11. cxd5 Bxd5 12. c4 Bb7 13. Bb2 Nf6 14. Bxf6 O-O 15.
Bc3 d6 16. e4 f4 17. e5 Qe7 18. Be4 1-0

[Event "?"]
[Site "?"]
[Date "2014.08.03"]
[Round "4.26"]
[White "Yu, Moyi"]
[Black "Jansen, Kurt"]
[Result "0-1"]
[WhiteElo "918"]
[BlackElo "1411"]
[PlyCount "46"]
[EventDate "2015.??.??"]
[WhiteTeam "Klub Kölner SF e.V. 1"]
[BlackTeam "Ford SF Köln e.V."]

1. d4 e6 2. e4 d5 3. e5 c5 4. c3 Qb6 5. Nf3 Nc6 6. Be3 cxd4 7. cxd4 Qxb2 8.
Nbd2 Bb4 9. Bb5 Bxd2+ 10. Bxd2 Qxb5 11. Rb1 Qa6 12. Bc3 Nge7 13. Nd2 b6 14. Qc2
Bd7 15. Nf3 Nf5 16. a4 Rc8 17. Qd1 Na5 18. Bxa5 Qxa5+ 19. Nd2 Qxa4 20. Qxa4
Bxa4 21. Ra1 b5 22. O-O Nxd4 23. h3 O-O 0-1

[Event "?"]
[Site "?"]
[Date "2014.08.03"]
[Round "4.27"]
[White "Jehnen, Kimberley"]
[Black "Schröter, Heinz-Jürgen"]
[Result "0-1"]
[WhiteElo "1060"]
[BlackElo "1074"]
[PlyCount "68"]
[EventDate "2015.??.??"]
[WhiteTeam "SV Fideler Bauer Lever"]
[BlackTeam "SV Horrem"]

1. e4 c5 2. Nf3 Nc6 3. d4 cxd4 4. Nxd4 e5 5. Nf3 Bc5 6. Bc4 Nf6 7. O-O d6 8.
Re1 Bg4 9. c3 O-O 10. Bg5 h6 11. Be3 Qb6 12. b4 Bxe3 13. Rxe3 Rad8 14. a4 a5
15. b5 Ne7 16. h3 Bh5 17. g4 Bg6 18. Nbd2 d5 19. exd5 Nexd5 20. Rxe5 Nxc3 21.
Qe1 Rfe8 22. Rc1 Nxa4 23. h4 Rxe5 24. Nxe5 Re8 25. g5 hxg5 26. hxg5 Ng4 27.
Ndf3 Qc7 28. Rd1 Nc5 29. Rd5 Be4 30. Rxc5 Qxc5 31. Bxf7+ Kh8 32. Bxe8 Bxf3 33.
Nf7+ Kg8 34. Qxa5 Qxf2# 0-1

[Event "?"]
[Site "?"]
[Date "2014.08.03"]
[Round "5.2"]
[White "Andrijenko, Anatoliy"]
[Black "Lechner, Alexander"]
[Result "1-0"]
[WhiteElo "1725"]
[BlackElo "1666"]
[PlyCount "31"]
[EventDate "2015.??.??"]
[WhiteTeam "SF Köln-Longerich 195"]
[BlackTeam "SG Porz e.V."]

1. e4 c6 2. d4 d5 3. e5 Bf5 4. h4 h6 5. Bd3 Bxd3 6. Qxd3 Nd7 7. e6 Ndf6 8.
exf7+ Kxf7 9. Nf3 Nd7 10. Qf5+ Ngf6 11. Ne5+ Kg8 12. Qe6+ Kh7 13. Nf7 Qa5+ 14.
Bd2 Qb6 15. Ng5+ Kg6 16. h5# 1-0

[Event "?"]
[Site "?"]
[Date "2014.08.03"]
[Round "5.3"]
[White "Schwab, Wolfgang"]
[Black "Spindler, Florian"]
[Result "1/2-1/2"]
[WhiteElo "1692"]
[BlackElo "1626"]
[PlyCount "55"]
[EventDate "2015.??.??"]
[WhiteTeam "SV Turm Sankt Augustin"]
[BlackTeam "SG Porz e.V."]

1. c4 Nf6 2. g3 g6 3. Bg2 Bg7 4. e3 O-O 5. Nc3 e6 6. Nge2 d5 7. cxd5 exd5 8.
O-O c6 9. d4 Bf5 10. h3 Qc7 11. b3 Re8 12. Bb2 Ne4 13. Rc1 Qd7 14. Kh2 Ng5 15.
Nf4 Na6 16. Na4 Qe7 17. a3 Be4 18. Nc3 Bxg2 19. Kxg2 Ne4 20. Qd3 f5 21. Nxe4
fxe4 22. Qd2 Qf8 23. Qe2 Nc7 24. h4 Ne6 25. Qg4 Nxf4+ 26. gxf4 Qf5 27. Qxf5
gxf5 28. Rg1 1/2-1/2

[Event "?"]
[Site "?"]
[Date "2014.08.03"]
[Round "5.4"]
[White "Plitt, Stefan"]
[Black "Auschkalnis, Reinhard"]
[Result "1/2-1/2"]
[WhiteElo "1655"]
[BlackElo "1689"]
[PlyCount "27"]
[EventDate "2015.??.??"]
[WhiteTeam "SV Grünfeld e.V."]
[BlackTeam "SC Bonn Beuel"]

1. c4 e5 2. Nc3 Nf6 3. g3 d5 4. cxd5 Nxd5 5. Bg2 Nb6 6. Nf3 Nc6 7. O-O Be7 8.
d3 O-O 9. a3 a5 10. Be3 Be6 11. d4 f6 12. dxe5 fxe5 13. Nd2 Qd7 14. Be4 1/2-1/2

[Event "?"]
[Site "?"]
[Date "2014.08.03"]
[Round "5.5"]
[White "Margenberg, Volker"]
[Black "Seibt, Sascha"]
[Result "1/2-1/2"]
[WhiteElo "1655"]
[BlackElo "1613"]
[PlyCount "66"]
[EventDate "2015.??.??"]
[WhiteTeam "SV Wiehl 1923 e.V."]
[BlackTeam "DJK Aufwärts St. Josef Aachen 19"]

1. d4 Nf6 2. c4 e6 3. Nc3 d5 4. Nf3 Be7 5. Bg5 O-O 6. e3 c6 7. Qc2 h6 8. Bh4
dxc4 9. Bxc4 Nd5 10. Bxe7 Qxe7 11. a3 b5 12. Nxd5 exd5 13. Be2 Be6 14. Ne5 Rc8
15. O-O a6 16. Rac1 Ra7 17. f4 c5 18. dxc5 Nd7 19. Nxd7 Bxd7 20. Qc3 Rac7 21.
b4 g6 22. Bf3 Bc6 23. Rcd1 Rd7 24. Rd3 Re8 25. Re1 Qh4 26. Qd2 Qd8 27. Qf2 Qe7
28. Qg3 Qf6 29. Rd4 Rxe3 30. Rxe3 Qxd4 31. Kf2 Re7 32. Bg4 Qd2+ 33. Be2 Qd4
1/2-1/2

[Event "?"]
[Site "?"]
[Date "2014.08.03"]
[Round "5.6"]
[White "Sewald, Kathrin"]
[Black "Jantz, Heiko"]
[Result "0-1"]
[WhiteElo "1464"]
[BlackElo "1707"]
[PlyCount "62"]
[EventDate "2015.??.??"]
[WhiteTeam "SG Porz e.V."]
[BlackTeam "SF Sinzig"]

1. e4 c5 2. Nf3 d6 3. d4 cxd4 4. Nxd4 Nf6 5. Nc3 g6 6. Bd3 Bg7 7. Nb3 Nc6 8. f4
O-O 9. h3 e5 10. f5 gxf5 11. exf5 e4 12. Be2 Bxf5 13. O-O Bg6 14. Kh1 d5 15.
Bg5 d4 16. Nb5 d3 17. cxd3 exd3 18. Bf3 a6 19. Nc3 Qb6 20. Rc1 Ne5 21. Bxf6
Bxf6 22. Nd5 Qd6 23. Nxf6+ Qxf6 24. Bxb7 Qh4 25. Bxa8 Rxa8 26. Nd2 Bh5 27. Qb3
Ng4 28. Qb7 Rf8 29. Kg1 Ne3 30. Rfe1 Be2 31. Rc8 Qxe1+ 0-1

[Event "?"]
[Site "?"]
[Date "2014.08.03"]
[Round "5.7"]
[White "Smets, Heike"]
[Black "Knütter, Helmut"]
[Result "1-0"]
[WhiteElo "1345"]
[BlackElo "1647"]
[PlyCount "137"]
[EventDate "2015.??.??"]
[WhiteTeam "Pulheimer Sport-Club 1924/57 e.V"]
[BlackTeam "Ford SF Köln e.V."]

1. d4 Nf6 2. c4 e6 3. Bg5 Be7 4. e3 O-O 5. Bd3 h6 6. Bxf6 Bxf6 7. Nf3 d6 8. Nc3
d5 9. c5 c6 10. O-O Re8 11. Bc2 Nd7 12. Qd3 Nf8 13. Rad1 Qe7 14. b4 a6 15. e4
dxe4 16. Nxe4 Rd8 17. Nxf6+ Qxf6 18. Ne5 Bd7 19. Rfe1 a5 20. a3 axb4 21. axb4
Ra2 22. Ra1 Rda8 23. Rxa2 Rxa2 24. Nxd7 Nxd7 25. g3 Nf8 26. Re4 Qf5 27. Qb3 Qd5
28. Qb1 Ra8 29. Bb3 Qg5 30. h4 Qd8 31. Qf1 Ra3 32. Bc4 Qa8 33. Re1 Qa4 34. Rb1
Qc2 35. b5 Rc3 36. Rb4 Qd2 37. bxc6 bxc6 38. Rb1 Qxd4 39. Rc1 Rxc1 40. Qxc1 Nd7
41. Bb3 Nxc5 42. Bc2 Ne4 43. Qf4 f5 44. Bb3 Qd7 45. Qxf5 Qd4 46. Bxe6+ Kh8 47.
Qf8+ Kh7 48. Bf5+ g6 49. Qe7+ Kh8 50. Bxe4 Qd1+ 51. Kg2 Qg4 52. Qf6+ Kh7 53.
Bxc6 h5 54. Bd5 Qd7 55. Qf7+ Qxf7 56. Bxf7 Kg7 57. Bc4 Kf6 58. Kf3 g5 59. hxg5+
Kxg5 60. Be6 Kf6 61. Bc8 Kg5 62. Ke4 Kg6 63. f4 Kf6 64. Bh3 Kg6 65. Ke5 Kh6 66.
Ke6 Kg7 67. Ke7 Kg6 68. f5+ Kg7 69. f6+ 1-0

[Event "?"]
[Site "?"]
[Date "2014.08.03"]
[Round "5.8"]
[White "Joerres, Till"]
[Black "Pislaru, Adrian"]
[Result "1/2-1/2"]
[WhiteElo "1639"]
[BlackElo "1569"]
[PlyCount "46"]
[EventDate "2015.??.??"]
[WhiteTeam "SVigung Düren 13 Deric"]
[BlackTeam "SG Porz e.V."]

1. e4 e6 2. d4 d5 3. Nd2 Nf6 4. e5 Nfd7 5. Bd3 c5 6. c3 Nc6 7. Ne2 cxd4 8. cxd4
f6 9. f4 f5 10. Nf3 h6 11. Be3 Qb6 12. Qd2 Nb4 13. Nc1 Nxd3+ 14. Nxd3 Qd8 15.
Rc1 Nb8 16. a3 Nc6 17. b4 Bd7 18. Nc5 Rb8 19. Qc3 Bxc5 20. dxc5 b5 21. cxb6
axb6 22. a4 Rc8 23. Qb2 Ra8 1/2-1/2

[Event "?"]
[Site "?"]
[Date "2014.08.03"]
[Round "5.9"]
[White "Ipekyilmaz, Tayfun"]
[Black "Fischer, Bastian"]
[Result "1-0"]
[WhiteElo "1603"]
[BlackElo "1442"]
[PlyCount "45"]
[EventDate "2015.??.??"]
[WhiteTeam "Langenfelder SF 1933"]
[BlackTeam "Schach-Club Vaterstetten-Grasbru"]

1. e4 c6 2. d4 d5 3. e5 Bf5 4. Bd3 Bxd3 5. Qxd3 e6 6. f4 Nd7 7. c4 Bb4+ 8. Bd2
Bxd2+ 9. Nxd2 Ne7 10. Ngf3 dxc4 11. Nxc4 Nc8 12. O-O Ndb6 13. Rad1 Nxc4 14.
Qxc4 Nb6 15. Qc2 Nd5 16. Qd2 Qb6 17. Ng5 Ne7 18. Ne4 O-O 19. g4 Rad8 20. f5 Rd5
21. Nf6+ gxf6 22. exf6 Ng6 23. Qh6 1-0

[Event "?"]
[Site "?"]
[Date "2014.08.03"]
[Round "5.10"]
[White "Schröter, Sophie"]
[Black "Sewald, Jörg"]
[Result "0-1"]
[WhiteElo "1202"]
[BlackElo "1584"]
[PlyCount "200"]
[EventDate "2015.??.??"]
[WhiteTeam "SG Porz e.V."]
[BlackTeam "SF Esch e.V."]

1. e4 b6 2. d4 Bb7 3. Nc3 g6 4. Bc4 e6 5. Bf4 d6 6. d5 e5 7. Bb5+ Ke7 8. Bg5+
f6 9. Be3 a6 10. Be2 Nh6 11. Qd2 Nf7 12. O-O-O b5 13. b4 Nd7 14. Nf3 Nb6 15. g4
g5 16. h4 h6 17. hxg5 hxg5 18. Rxh8 Nxh8 19. Bxb6 cxb6 20. Rh1 Nf7 21. Rh7 Bh6
22. Nh4 Ke8 23. Nf5 Bf8 24. Ng7+ Bxg7 25. Rxg7 Ke7 26. Rh7 Qg8 27. Rh5 Nh8 28.
Qe3 Qd8 29. Rh7+ Nf7 30. Qh3 Rc8 31. Kb2 Qg8 32. a4 bxa4 33. Nxa4 b5 34. Nc3
Kd8 35. Qh5 Rc7 36. f3 Kc8 37. Nd1 Kb8 38. Ne3 Bc8 39. c3 Rd7 40. Nf5 Qf8 41.
Nh6 Nxh6 42. Qxh6 Qxh6 43. Rxh6 Rf7 44. c4 bxc4 45. Bxc4 Kc7 46. Kb3 Kb6 47.
Ka4 Bd7+ 48. Kb3 Be8 49. Rh8 Bd7 50. Ra8 Bb5 51. Bxb5 axb5 52. Rb8+ Kc7 53.
Rxb5 Rh7 54. Ra5 Rh3 55. Ra7+ Kc8 56. Rf7 Rxf3+ 57. Kc2 Rf4 58. Kd3 Rxg4 59.
Rxf6 Kd7 60. b5 Rf4 61. Rg6 g4 62. b6 Rf3+ 63. Ke2 Rb3 64. Rxg4 Rxb6 65. Kd3
Rb4 66. Kc3 Rd4 67. Rg7+ Kc8 68. Rg6 Kc7 69. Rg7+ Kb6 70. Rg4 Kc5 71. Rh4 Ra4
72. Kb3 Ra1 73. Kc3 Ra3+ 74. Kd2 Kd4 75. Kc2 Re3 76. Rh6 Kc5 77. Rh4 Rg3 78.
Kd2 Kd4 79. Kc2 Rf3 80. Rh6 Rf2+ 81. Kc1 Kc5 82. Kd1 Rf4 83. Kd2 Rxe4 84. Kd3
Rd4+ 85. Ke3 Kxd5 86. Rh5 Ra4 87. Kd2 Kd4 88. Rh4+ e4 89. Ke2 Ra2+ 90. Kd1 d5
91. Ke1 Kd3 92. Rh3+ e3 93. Kf1 d4 94. Rg3 Rh2 95. Kg1 Rf2 96. Rh3 Ke2 97. Rh4
d3 98. Rd4 d2 99. Rd5 d1=Q+ 100. Rxd1 Kxd1 0-1

[Event "?"]
[Site "?"]
[Date "2014.08.03"]
[Round "5.11"]
[White "Kronseder, Michael"]
[Black "Sewald, Richard"]
[Result "0-1"]
[WhiteElo "1581"]
[BlackElo "1501"]
[PlyCount "74"]
[EventDate "2015.??.??"]
[WhiteTeam "SV 1925 Hürth-Berrenra"]
[BlackTeam "SG Porz e.V."]

1. e4 c5 2. Nf3 e6 3. Bc4 a6 4. a4 Nc6 5. O-O Nf6 6. d3 Be7 7. e5 Ng8 8. Bf4 g5
9. Bg3 h5 10. h3 Nh6 11. Nbd2 Nf5 12. Ne4 Nxg3 13. fxg3 g4 14. hxg4 hxg4 15.
Nh2 Nxe5 16. Nxg4 Nxg4 17. Qxg4 d5 18. Qg7 Rf8 19. Bxd5 Qxd5 20. c3 Qxd3 21.
Nf6+ Bxf6 22. Qxf6 Qd8 23. Qe5 Qe7 24. Rad1 Bd7 25. b3 Bc6 26. Rd6 Rd8 27. Rfd1
Rxd6 28. Rxd6 Rg8 29. Qxc5 Rg5 30. Qd4 Rd5 31. Qh8+ Qf8 32. Qxf8+ Kxf8 33. Rxd5
Bxd5 34. b4 f5 35. a5 Ke7 36. Kf2 Kd6 37. Ke3 Bxg2 0-1

[Event "?"]
[Site "?"]
[Date "2014.08.03"]
[Round "5.12"]
[White "Reinartz, Ulrich"]
[Black "Pislaru, Marius"]
[Result "1/2-1/2"]
[WhiteElo "1661"]
[BlackElo "1397"]
[PlyCount "70"]
[EventDate "2015.??.??"]
[WhiteTeam "Vereinslos"]
[BlackTeam "SG Porz e.V."]

1. e4 e6 2. d4 d5 3. exd5 exd5 4. Nf3 Bd6 5. Bd3 Nf6 6. Qe2+ Qe7 7. Bg5 Qxe2+
8. Bxe2 Ne4 9. Bh4 O-O 10. O-O Bf4 11. Bd3 Bf5 12. Be7 Re8 13. Ba3 Nd7 14. Nc3
c6 15. Nh4 Bg6 16. Ne2 Bh6 17. Rfe1 Bd2 18. Red1 Ndf6 19. Nf3 Bh6 20. Ne5 Bd2
21. Kf1 Bh6 22. f3 Ng5 23. f4 Nge4 24. g4 Rxe5 25. dxe5 Nxg4 26. Kg1 Nef2 27.
Rd2 Nh3+ 28. Kg2 Nxf4+ 29. Nxf4 Bxf4 30. Re2 Bh5 31. Ree1 Nxh2 32. Be2 Ng4 33.
Bxg4 Bxg4 34. b3 Re8 35. Bb2 Bd2 1/2-1/2

[Event "?"]
[Site "?"]
[Date "2014.08.03"]
[Round "5.13"]
[White "Schröter, Ron"]
[Black "Gail, Edgar"]
[Result "1-0"]
[WhiteElo "1401"]
[BlackElo "1538"]
[PlyCount "69"]
[EventDate "2015.??.??"]
[WhiteTeam "SG Porz e.V."]
[BlackTeam "Klub Kölner SF e.V. 1"]

1. e4 c5 2. Nf3 Nc6 3. d4 cxd4 4. Nxd4 Nf6 5. Nc3 e5 6. Nf5 d5 7. Bg5 d4 8.
Bxf6 gxf6 9. Ne2 Qa5+ 10. c3 dxc3 11. Nxc3 Bxf5 12. exf5 Bb4 13. Qd2 Rd8 14.
Bd3 e4 15. O-O Rxd3 16. Qf4 Qe5 17. Qxe4 Qxe4 18. Nxe4 Ke7 19. a3 Ba5 20. b4
Bb6 21. Rfe1 Ne5 22. Kf1 Kd7 23. Nxf6+ Kd6 24. Ne4+ Kd5 25. Ng5 Ng4 26. Nxf7
Rc8 27. Rad1 Rcc3 28. Ng5 Bxf2 29. f6 Bxe1 30. Rxd3+ Rxd3 31. f7 Bh4 32. f8=Q
Rd1+ 33. Ke2 Re1+ 34. Kd2 Re5 35. Qc5# 1-0

[Event "?"]
[Site "?"]
[Date "2014.08.03"]
[Round "5.14"]
[White "Siepen, Ralf"]
[Black "Scheffler, Jürgen"]
[Result "1-0"]
[WhiteElo "1522"]
[BlackElo "1306"]
[PlyCount "89"]
[EventDate "2015.??.??"]
[WhiteTeam "SC Bayer Uerdingen 1923"]
[BlackTeam "SC 1948 Prüm"]

1. d4 d5 2. Nf3 e6 3. Bf4 Nf6 4. e3 c5 5. c3 Nc6 6. Bd3 c4 7. Bc2 Nh5 8. Bg3
Nxg3 9. hxg3 Bd7 10. Qe2 h6 11. e4 Qe7 12. Nbd2 O-O-O 13. b3 cxb3 14. axb3 Kb8
15. b4 Rc8 16. Nb3 Nxb4 17. cxb4 Qxb4+ 18. Kd1 dxe4 19. Qxe4 Bc6 20. Qe5+ Bd6
21. Qa5 Qxa5 22. Nxa5 Bb5 23. Rb1 Ba6 24. Be4 Rc7 25. Re1 Rhc8 26. Re3 Rd8 27.
Reb3 Rdd7 28. Kd2 Bc5 29. Nc6+ Kc8 30. Ke3 Bb6 31. Nce5 Re7 32. Bd3 Bxd3 33.
Kxd3 g5 34. Nc4 Red7 35. Nxb6+ axb6 36. Rxb6 f6 37. Rxe6 g4 38. Re8+ Rd8 39.
Rxd8+ Kxd8 40. Nd2 h5 41. Rb5 Rh7 42. Ne4 h4 43. Nxf6 h3 44. Nxh7 hxg2 45. Rb1
1-0

[Event "?"]
[Site "?"]
[Date "2014.08.03"]
[Round "5.15"]
[White "Rey, Thorsten"]
[Black "Hertling, Jürgen"]
[Result "1-0"]
[WhiteElo "1359"]
[BlackElo "1512"]
[PlyCount "67"]
[EventDate "2015.??.??"]
[WhiteTeam "Klub Kölner SF e.V. 1"]
[BlackTeam "SF Köln-Mülheim e.V."]

1. e4 e5 2. Nf3 Nc6 3. d4 exd4 4. Bc4 Be7 5. c3 d6 6. Nxd4 Nxd4 7. cxd4 Nf6 8.
Nc3 O-O 9. O-O c6 10. Bb3 Kh8 11. Be3 Ng4 12. Bc2 f5 13. exf5 Bxf5 14. Bxf5
Nxe3 15. fxe3 d5 16. Qh5 Rxf5 17. Qxf5 Qd6 18. Rf3 Rf8 19. Qg4 Bf6 20. Raf1 Qe7
21. Ne2 Rg8 22. Ng3 Bg5 23. Nf5 Qf6 24. h4 Bh6 25. Nxh6 Qxh6 26. Qf4 Qg6 27.
Qf5 Qd6 28. a3 b6 29. Qe5 Qd8 30. Qe6 c5 31. Rf5 cxd4 32. exd4 h6 33. Qe5 Qxh4
34. Rh5 1-0